Central Library OPAC University of Rajshahi

Metallic materials in engineering / (Record no. 68014)

MARC details
000 -LEADER
fixed length control field 00633nam a2200229 a 4500
001 - CONTROL NUMBER
control field 68014
003 - CONTROL NUMBER IDENTIFIER
rucl marc code BD-RjUL
005 - DATE AND TIME OF LATEST TRANSACTION
control field 20211209081725.0
008 - FIXED-LENGTH DATA ELEMENTS--GENERAL INFORMATION
fixed length control field 170329s1963 nyu 001 0 eng d
035 ## - SYSTEM CONTROL NUMBER
System control number (BD-RjUL)68223
040 ## - CATALOGING SOURCE
Original cataloging agency DLC
Transcribing agency FM
Modifying agency Uk
-- DLC
-- (BD-RjUL)
Language of cataloging eng
041 ## - LANGUAGE CODE
Language code of text/sound track or separate title eng
082 ## - DEWEY DECIMAL CLASSIFICATION NUMBER
Edition number 23
Classification number 669
Author mark and year SAM 1963
100 1# - MAIN ENTRY--PERSONAL NAME
Personal name Samans, Carl H.
9 (RLIN) 201594
245 10 - TITLE STATEMENT
Title Metallic materials in engineering /
Statement of responsibility, etc. Carl H. Samans
260 ## - PUBLICATION, DISTRIBUTION, ETC. (IMPRINT)
Place of publication, distribution, etc. New York :
Name of publisher, distributor, etc. Macmillan Company,
Date of publication, distribution, etc. c1963
300 ## - PHYSICAL DESCRIPTION
Pagination xii, 532 p. :
Illustrations ill. ;
Size 24 cm
500 ## - GENERAL NOTE
General note Includes Index
650 #0 - SUBJECT ADDED ENTRY--TOPICAL TERM
Topical term or geographic name as entry element Metals
9 (RLIN) 201595
Topical term or geographic name as entry element Alloys
9 (RLIN) 160235
942 ## - ADDED ENTRY ELEMENTS (KOHA)
Source of classification or shelving scheme Dewey Decimal Classification
Koha item type Books
Holdings
Lost status Source of classification or shelving scheme Damaged status Not for loan Collection code Permanent Location Current Location Shelving location Date acquired Source of acquisition Cost, normal purchase price Total Checkouts Full call number Date last seen Copy number Koha item type
  Dewey Decimal Classification   Not For Loan Non-fiction Central Library, University of Rajshahi Central Library, University of Rajshahi Reading Room 09/12/2021 Zeitlinger 95.00   669 SAM 1963 29/03/2017 C-1 Books